Late Roman handmade grog-tempered ware producing industries in South East Britain /
This publication deals with the Late Roman handmade grog tempered ware industries of East Sussex, the Hampshire basin, East Kent and West Kent, presenting corpora for these various wares.
المؤلف الرئيسي:
التنسيق: كتاب الكتروني
اللغة: English
منشور في:
Oxford :
Archaeopress Publishing Ltd,
[2015]
سلاسل:
Archaeopress archaeology.
الموضوعات:
الوصول للمادة أونلاين: Login to view Source
الوسوم: إضافة وسم
رقم الطلب: DA147
| LEADER | 01722nam a2200409 i 4500 | ||
|---|---|---|---|
| 001 | EDZ0001323951 | ||
| 003 | StDuBDS | ||
| 005 | 20230412181648.0 | ||
| 006 | m|||||o||d|||||||| | ||
| 007 | cr ||||||||||| | ||
| 008 | 160129t20152015enka fob 000|0|eng|d | ||
| 020 | |a 9781784912383 (PDF ebook) : |c £35.00 | ||
| 040 | |a StDuBDS |b eng |c StDuBDS |e rda |e pn | ||
| 050 | 4 | |a DA147 | |
| 082 | 0 | 4 | |a 738.3093622 |2 23 |
| 100 | 1 | |a Lyne, M. A. B., |e author. | |
| 245 | 1 | 0 | |a Late Roman handmade grog-tempered ware producing industries in South East Britain / |c Malcolm Lyne. |
| 264 | 1 | |a Oxford : |b Archaeopress Publishing Ltd, |c [2015] | |
| 264 | 4 | |c ©2015 | |
| 300 | |a 1 online resource : |b illustrations (black and white). | ||
| 336 | |a text |2 rdacontent | ||
| 336 | |a still image |2 rdacontent | ||
| 337 | |a computer |2 rdamedia | ||
| 338 | |a online resource |2 rdacarrier | ||
| 490 | 1 | |a Archaeopress archaeology | |
| 504 | |a Includes bibliographical references. | ||
| 520 | 8 | |a This publication deals with the Late Roman handmade grog tempered ware industries of East Sussex, the Hampshire basin, East Kent and West Kent, presenting corpora for these various wares. | |
| 521 | |a Specialized. | ||
| 588 | |a Description based on online resource; title from home page (viewed on February 16, 2016). | ||
| 650 | 0 | |a Pottery, Roman |z England, South East. | |
| 651 | 0 | |a England, South East |x Antiquities. | |
| 776 | 0 | 8 | |i Print version : |z 9781784912376 |
| 830 | 0 | |a Archaeopress archaeology. | |
| 856 | 4 | 0 | |3 Archaeopress |u http://library.arce.org:8087/Archaeopress/Products/9781784912376 |
| 942 | |2 lcc |c EBOOK | ||
| 952 | |0 0 |1 0 |4 0 |6 DA0147 |7 1 |9 46111 |a ARCH |b ARCH |d 2023-04-12 |l 0 |o DA147 |r 2023-04-12 00:00:00 |w 2023-04-12 |y EBOOK | ||
| 999 | |c 51769 |d 51769 | ||
